000 01463nam a2200337 i 4500
003 EG-GICUC
005 20260121101546.0
008 251229m19931414ua ||||fr|||| 00| 0 ara d
017 _a19935339
020 _a9770404071
040 _a EG-GICUC
_bara
_c EG-GICUC
_d EG-GICUC
_erda
041 0 _aara
082 0 4 _221
_a341.762
_bأ ح . ق
092 0 4 _221
099 _aLaw1 11 341.762 1 ed - 1993 أ ح . ق
100 1 _aأحمد عبد الكريم سلامة
_eمؤلف.
245 1 0 _aقانون حماية البيئة :
_bبحث تأصيلى فى القانون الدولى البيئى والقوانين الدولية /
_cأحمد عبدالكريم سلامة.
250 _aالطبعة الاولى
264 1 _aالقاهرة :
_bدار النهضة العربية،
_c1993.
300 _a723 صفحة ؛
_c24 سم
336 _2rda content
_atext
337 _2rda media
_aComputer
338 _2rda carrier
_aOnline Resource
500 _aإهداء مكتبة ا د صلاح عامر
504 _aيحتوي على اراجاعات ببليوجرافية يحتوي على قائمة بالمراجع.
546 _aالنص أغلبه باللغة العربية بعض النصوص الإنجليزية والفرنسية
650 1 4 _aقانون حماية البيئة
_xالقانون الدولي العام
856 4 0 _uhttps://fll.law.cu.edu.eg/fulltext/bks/B11-04974.pdf
905 _a75
942 _2ddc
_cBK
_e21
_n0
999 _c53008
_d53008